[Event "VII Festival B"]
[Site "Trieste ITA"]
[Date "2005.09.06"]
[Round "5"]
[White "Muradore, Aldo"]
[Black "Piunti, Mauro"]
[Result "0-1"]
[WhiteElo "1523"]
[BlackElo "1712"]
[PlyCount "128"]
[EventDate "2005.09.03"]

1. d4 Nf6 2. c4 d6 3. Nc3 g6 4. e4 Bg7 5. Nf3 O-O 6. Be2 e5 7. d5 a5 8. Bg5 h6
9. Bc1 Na6 10. O-O Nc5 11. Nd2 Nh7 12. Na4 Na6 13. Nf3 Bd7 14. b3 f5 15. Nc3
Nc5 16. Nd2 Nf6 17. f3 f4 18. Ba3 Na6 19. Rc1 g5 20. c5 Nb4 21. cxd6 cxd6 22.
Nc4 b5 23. Nxd6 Qb6+ 24. Kh1 Qxd6 25. Nxb5 Bxb5 26. Bxb5 Qb6 27. Bc4 Rfd8 28.
Bxb4 axb4 29. Rc2 Rd6 30. Qa1 Nd7 31. Qe1 Bf6 32. Rff2 Kh7 33. Rfd2 h5 34. Qc1
Rd8 35. Qf1 Rc8 36. Bb5 Rc5 37. Bc6 Nb8 38. Ba4 Na6 39. Qc1 Rd8 40. Rc4 Be7 41.
Rdc2 Bd6 42. Qe1 Rdc8 43. Bc6 Rxc4 44. Rxc4 Rc7 45. h3 Nb8 46. Qc1 Na6 47. g3
Qe3 48. Qxe3 fxe3 49. Bb5 Rxc4 50. Bxc4 Nb8 51. Bb5 Kg7 52. Kg2 Kf6 53. Kf1 Ke7
54. Ke2 Bc5 55. g4 h4 56. d6+ Kxd6 57. Kd3 Bd4 58. Bc4 Nc6 59. Ke2 Ne7 60. Kd3
Ng6 61. Kc2 Nf4 62. Bf1 Bc3 63. a3 Kc5 64. axb4+ Kxb4 0-1

[Event "VII Festival B"]
[Site "Trieste ITA"]
[Date "2005.09.06"]
[Round "5"]
[White "Orsatti, Marcello"]
[Black "Mirkovic, Nikola"]
[Result "1-0"]
[WhiteElo "1818"]
[BlackElo "1702"]
[PlyCount "65"]
[EventDate "2005.09.03"]

1. c4 f5 2. Nc3 Nf6 3. d4 g6 4. Nf3 Bg7 5. h3 O-O 6. Bf4 d6 7. e3 Qe8 8. Be2 c6
9. O-O Nbd7 10. Qb3 Kh8 11. Rfe1 e5 12. Bh2 Qe7 13. Rad1 e4 14. Nd2 Ne8 15. Bf1
Ndf6 16. Qa3 Be6 17. b4 c5 18. bxc5 dxc5 19. dxc5 b6 20. Bd6 Nxd6 21. cxd6 Qd7
22. Nb5 Ne8 23. Nb3 a6 24. N3d4 Bg8 25. Nb3 Be5 26. Rd2 Rf6 27. Red1 Qd8 28. d7
axb5 29. Qxa8 Qxa8 30. d8=Q Qxd8 31. Rxd8 bxc4 32. Bxc4 Bxc4 33. Rxe8+ 1-0

[Event "VII Festival B"]
[Site "Trieste ITA"]
[Date "2005.09.06"]
[Round "5"]
[White "Partipilo, Vito"]
[Black "Iancovic, Bruno"]
[Result "0-1"]
[WhiteElo "1592"]
[BlackElo "1503"]
[PlyCount "82"]
[EventDate "2005.09.03"]

1. d4 d5 2. c4 e6 3. Nc3 Nf6 4. cxd5 exd5 5. a3 c6 6. Qb3 Nbd7 7. Bf4 Be7 8. e3
O-O 9. Nf3 h6 10. Bd3 Re8 11. O-O Nh5 12. Ne2 Nxf4 13. Nxf4 Bd6 14. Ne2 Rb8 15.
Qc2 Nf6 16. Rae1 Bg4 17. Nd2 Qc7 18. g3 Bh3 19. Nf4 Bxf1 20. Rxf1 Bxf4 21. exf4
Re7 22. Nf3 Rbe8 23. Ne5 Qc8 24. Bf5 Qd8 25. Kh1 Qb6 26. Rd1 Ne4 27. f3 Nd6 28.
Bd7 Rd8 29. Bg4 Qa5 30. Bh3 Nc4 31. Nxc4 dxc4 32. Bf1 Qd5 33. Bg2 c5 34. f5
cxd4 35. f4 Qc5 36. b4 Qc7 37. Rc1 Rde8 38. h3 c3 39. Bf1 Qd7 40. Bd3 Re3 41.
Kh2 a6 0-1

[Event "VII Festival B"]
[Site "Trieste ITA"]
[Date "2005.09.06"]
[Round "5"]
[White "Petrachi, Gianni"]
[Black "Oblak, Marco"]
[Result "1-0"]
[WhiteElo "1640"]
[BlackElo "1482"]
[PlyCount "55"]
[EventDate "2005.09.03"]

1. e4 e5 2. Nf3 Nc6 3. Bb5 Bc5 4. c3 a6 5. Ba4 Nf6 6. d3 h6 7. O-O d6 8. d4
exd4 9. cxd4 b5 10. dxc5 bxa4 11. Qxa4 Bd7 12. cxd6 cxd6 13. Re1 Ne5 14. Qa3
Bb5 15. Nxe5 dxe5 16. Nc3 Bc6 17. Qc5 Bd7 18. Qxe5+ Be6 19. Nd5 O-O 20. Nxf6+
Qxf6 21. Qxf6 gxf6 22. Bxh6 Rfc8 23. a3 Rc2 24. b4 Rac8 25. Rec1 Ra2 26. Rxc8+
Kh7 27. Rxa2 Kxh6 28. Rac2 1-0

[Event "VII Festival B"]
[Site "Trieste ITA"]
[Date "2005.09.06"]
[Round "5"]
[White "Sabadin, Giorgio"]
[Black "Deancovich, Patrizio"]
[Result "1-0"]
[WhiteElo "1700"]
[BlackElo "1452"]
[PlyCount "113"]
[EventDate "2005.09.03"]

1. e4 e5 2. Nf3 Nc6 3. Bc4 Nf6 4. Nc3 h6 5. O-O a6 6. a3 d6 7. h3 Be7 8. d3 Bd7
9. Re1 Qc8 10. d4 b5 11. dxe5 dxe5 12. Bd5 Rb8 13. Bxc6 Bxc6 14. Nxe5 Qb7 15.
Nxc6 Qxc6 16. Bf4 O-O 17. Qf3 b4 18. axb4 Bxb4 19. e5 Qxf3 20. gxf3 Nh5 21. Bg3
a5 22. Kg2 c6 23. Re2 Bxc3 24. bxc3 Rb5 25. f4 Rc5 26. Re3 g6 27. Kf3 Ng7 28.
Rd3 Ra8 29. Ra4 Ne6 30. h4 Kg7 31. Ke4 Rb5 32. Rc4 Nc5+ 33. Rxc5 Rxc5 34. f3 a4
35. Bf2 f5+ 36. exf6+ Kxf6 37. Bxc5 a3 38. Bxa3 Rxa3 39. Rd6+ Kf7 40. Rxc6 Ra2
41. Kd3 Ra5 42. f5 Rxf5 43. Ke3 Rh5 44. Rc4 Re5+ 45. Kd4 Re2 46. Kd3 Rh2 47.
Rf4+ Ke6 48. c4 Rh3 49. Ke4 Rh1 50. c5 Re1+ 51. Kd4 Rd1+ 52. Kc4 Rd2 53. c3 Ra2
54. Kb5 Kd5 55. Kb6 Rc2 56. c4+ Ke6 57. c6 1-0

[Event "VII Festival B"]
[Site "Trieste ITA"]
[Date "2005.09.07"]
[Round "6"]
[White "Dragovic, Radimiro"]
[Black "Petrachi, Gianni"]
[Result "0-1"]
[WhiteElo "1599"]
[BlackElo "1640"]
[PlyCount "88"]
[EventDate "2005.09.03"]

1. e4 e5 2. Nf3 Nc6 3. Bc4 Nf6 4. Ng5 d5 5. exd5 Na5 6. Bb5+ Bd7 7. Bxd7+ Qxd7
8. Nc3 Nxd5 9. Nxd5 Qxd5 10. Qf3 Qxf3 11. Nxf3 e4 12. Ng5 f5 13. Ne6 Kd7 14.
Nxf8+ Rhxf8 15. O-O g5 16. f3 g4 17. fxg4 fxg4 18. Rxf8 Rxf8 19. b3 h5 20. Ba3
Rf5 21. Rf1 Ke6 22. Rxf5 Kxf5 23. Kf2 Nc6 24. Ke3 a6 25. c4 Ne5 26. Kd4 Nd3 27.
Ke3 Ne1 28. Kf2 Nd3+ 29. Ke3 c5 30. h3 b6 31. hxg4+ hxg4 32. g3 Ke5 33. Ke2 Kd4
34. Kd1 b5 35. cxb5 axb5 36. Kc2 b4 37. Bc1 Nxc1 38. Kxc1 Kd3 39. Kd1 e3 40.
dxe3 Kxe3 41. Ke1 Kf3 42. Kf1 Kxg3 43. Kg1 Kf3 44. Kh1 Kf2 0-1

[Event "VII Festival B"]
[Site "Trieste ITA"]
[Date "2005.09.07"]
[Round "6"]
[White "Harcet, Franjo"]
[Black "Orsatti, Marcello"]
[Result "1-0"]
[WhiteElo "1919"]
[BlackElo "1818"]
[PlyCount "83"]
[EventDate "2005.09.03"]

1. e4 c6 2. d4 d5 3. e5 Bf5 4. Bd3 Bxd3 5. Qxd3 e6 6. Nf3 Qa5+ 7. Nbd2 Nd7 8.
O-O c5 9. Nb3 Qb6 10. c4 dxc4 11. Qxc4 cxd4 12. Nbxd4 a6 13. Be3 Bc5 14. Qa4
Qb4 15. Qc2 Ne7 16. b3 Qb6 17. b4 Bxd4 18. Nxd4 Nd5 19. Qa4 Nxe3 20. fxe3 Ke7
21. Rxf7+ Kxf7 22. Qxd7+ Kg6 23. Kh1 Rad8 24. Qe7 Rhe8 25. Qh4 h6 26. Qe4+ Kf7
27. Qh7 Rg8 28. Rf1+ Ke7 29. Qg6 Rdf8 30. Nf5+ Kd8 31. Rd1+ Kc7 32. Ne7 Rd8 33.
Rc1+ Kb8 34. Nxg8 Qxe3 35. Rf1 Rxg8 36. Qxe6 Rc8 37. h4 Qe4 38. Qd6+ Ka7 39.
Rd1 Re8 40. Qc5+ Ka8 41. Rd4 Qxe5 42. Rd8+ 1-0

[Event "VII Festival B"]
[Site "Trieste ITA"]
[Date "2005.09.07"]
[Round "6"]
[White "Iancovic, Bruno"]
[Black "Piunti, Mauro"]
[Result "1/2-1/2"]
[WhiteElo "1503"]
[BlackElo "1712"]
[PlyCount "218"]
[EventDate "2005.09.03"]

1. d4 Nf6 2. c4 d6 3. Nf3 g6 4. Nc3 Bg7 5. h3 O-O 6. e4 e5 7. d5 a5 8. a4 Na6
9. Be3 Nd7 10. Be2 Ndc5 11. Nd2 f5 12. f3 f4 13. Bf2 Bf6 14. O-O Bh4 15. Nb3
Bxf2+ 16. Rxf2 Nxb3 17. Qxb3 Nc5 18. Qc2 Qg5 19. Kf1 Bd7 20. Rb1 Na6 21. Nb5
Bxb5 22. cxb5 Nc5 23. b4 axb4 24. Rxb4 b6 25. Kg1 Ra5 26. Rf1 Rfa8 27. Ra1 Qe7
28. Rc4 Kg7 29. Bd1 h6 30. Ra3 Rxb5 31. Qa2 Rba5 32. Be2 Qd7 33. Bd1 Kf6 34.
Qf2 Kg7 35. Rac3 R8a7 36. Qh4 Ra8 37. Bc2 Qd8 38. Qf2 Na6 39. Bd3 Rc5 40. Qc2
Rxc4 41. Bxc4 Nc5 42. Bb5 Qh4 43. Qd1 Qd8 44. Qc2 g5 45. Kh1 h5 46. Kg1 Qf6 47.
Qe2 Kh6 48. Qd1 Qg7 49. Qe2 Qg6 50. Qd1 Ra7 51. Kf1 Qg8 52. Kg1 Qg7 53. Kh2 Ra8
54. Ra3 Ra5 55. Rc3 Ra7 56. Ra3 Nd7 57. Be2 Ra5 58. Rc3 Rc5 59. Qc2 Qg8 60. Bb5
Qd8 61. Bc6 Rxc3 62. Qxc3 Nc5 63. Qc2 Qb8 64. Qd1 Qa7 65. Bb5 Qa5 66. Kh1 Qc3
67. Kh2 Nb3 68. Ba6 Nd4 69. Kh1 Qc2 70. Qxc2 Nxc2 71. Bb5 Nd4 72. Bd7 Kg7 73.
Kh2 h4 74. Kg1 Kf6 75. Kf2 Ke7 76. Bb5 Kd8 77. Ke1 Kc8 78. Kd2 Kb7 79. Bc4 c6
80. dxc6+ Kxc6 81. Kc3 Kc5 82. Bf1 Nc6 83. Bb5 Ne7 84. Bc4 Nc6 85. Bb5 Na5 86.
Bf1 Nb7 87. Bb5 Nd8 88. Bd7 Nf7 89. Be6 Nd8 90. Bd7 Nb7 91. Be8 d5 92. exd5
Kxd5 93. Bg6 Nc5 94. Bf7+ Kd6 95. Be8 e4 96. fxe4 Nxe4+ 97. Kd4 Nf6 98. Bb5 Nh5
99. Be2 Ng7 100. Bg4 Ne8 101. Bf3 Nc7 102. Be4 Ne6+ 103. Kc4 Nc5 104. Bc2 Ke5
105. Kb5 Kd4 106. Kxb6 f3 107. gxf3 Nxa4+ 108. Bxa4 Ke3 109. Bc6 Kf4 1/2-1/2

[Event "VII Festival B"]
[Site "Trieste ITA"]
[Date "2005.09.07"]
[Round "6"]
[White "Miele, Roberto"]
[Black "Mirkovic, Nikola"]
[Result "1-0"]
[WhiteElo "1860"]
[BlackElo "1702"]
[PlyCount "95"]
[EventDate "2005.09.03"]

1. e4 e6 2. d4 d5 3. e5 c5 4. c3 Qb6 5. Nf3 Bd7 6. Bd3 Bb5 7. O-O Bxd3 8. Qxd3
Qa6 9. Qd1 h6 10. Be3 Qb6 11. Qe2 Nc6 12. Na3 a6 13. Rab1 Rc8 14. Rfc1 Qc7 15.
Nc2 c4 16. Nd2 b5 17. a3 Na5 18. f4 h5 19. Rf1 Ne7 20. Bf2 Nf5 21. Ne3 Nxe3 22.
Bxe3 g6 23. Nf3 Be7 24. Bf2 h4 25. h3 Qd8 26. Be3 Rh5 27. Ng5 Nc6 28. Nf3 a5
29. Nd2 Kd7 30. Nf3 Ke8 31. Qf2 Rb8 32. Ng5 b4 33. axb4 axb4 34. Qc2 Rb7 35.
Ra1 Qb8 36. Rfb1 Ra7 37. Kh2 Bxg5 38. fxg5 b3 39. Qd1 Ne7 40. Rxa7 Qxa7 41. Ra1
Qb8 42. Ra3 Nf5 43. Bf4 Ke7 44. Qa1 Qb6 45. Ra8 Ng3 46. Qa3+ Kd7 47. Ra7+ Ke8
48. Qe7# 1-0

[Event "VII Festival B"]
[Site "Trieste ITA"]
[Date "2005.09.07"]
[Round "6"]
[White "Monticolo, Lorenzo"]
[Black "Bembich, Corrado"]
[Result "1-0"]
[WhiteElo "1455"]
[BlackElo "1452"]
[PlyCount "153"]
[EventDate "2005.09.03"]

1. e4 c6 2. d4 d5 3. Nc3 Nf6 4. Bd3 dxe4 5. Bxe4 Nxe4 6. Nxe4 Qd5 7. f3 Bf5 8.
Nc3 Qd7 9. Nge2 e6 10. O-O Bd6 11. Bf4 Qc7 12. Bxd6 Qxd6 13. Qd2 O-O 14. f4 h6
15. Rae1 Bg4 16. Ng3 Nd7 17. f5 e5 18. d5 Nf6 19. Nge4 Nxe4 20. Rxe4 h5 21.
Rfe1 f6 22. Rf1 cxd5 23. Nxd5 Rad8 24. c4 b5 25. b3 bxc4 26. bxc4 Rb8 27. h3
Qc5+ 28. Ne3 Rfd8 29. Qf2 Qc6 30. Nd5 Rxd5 31. cxd5 Qxd5 32. Re3 Bxf5 33. Qxf5
Rb2 34. Rf2 Qd4 35. Rg3 h4 36. Rg6 e4 37. Rg4 Rb1+ 38. Kh2 Qd6+ 39. Qf4 Rd1 40.
Qxd6 Rxd6 41. Rxe4 g5 42. Re3 a6 43. Ref3 Kg7 44. Kg1 Rd1+ 45. Rf1 Rd6 46. g4
Rc6 47. Kf2 Rb6 48. Ke3 Re6+ 49. Kd4 Kf7 50. Rb1 Rd6+ 51. Kc5 Re6 52. Kd5 Re5+
53. Kc4 Re4+ 54. Kb3 Re6 55. Ka4 Re2 56. Ra3 Re7 57. Ka5 Re8 58. Rb6 Kg6 59.
Rxa6 Re5+ 60. Kb4 Re4+ 61. Kc5 Re8 62. Rc6 Re5+ 63. Kb6 Re1 64. Rb3 Rh1 65. a3
Ra1 66. Kb5 Re1 67. a4 Re8 68. a5 Re5+ 69. Rc5 Re8 70. Ra3 Rb8+ 71. Kc4 Rf8 72.
a6 f5 73. gxf5+ Kh5 74. a7 g4 75. a8=Q Rf6 76. Qg8 gxh3 77. Rxh3 1-0

[Event "VII Festival B"]
[Site "Trieste ITA"]
[Date "2005.09.07"]
[Round "6"]
[White "Poniz, Alessandro"]
[Black "Partipilo, Vito"]
[Result "1/2-1/2"]
[WhiteElo "1440"]
[BlackElo "1592"]
[PlyCount "77"]
[EventDate "2005.09.03"]

1. d4 d5 2. c4 e6 3. Nc3 Nf6 4. Bg5 Nbd7 5. Nf3 Be7 6. e3 a6 7. c5 c6 8. Bd3
O-O 9. Bf4 b6 10. b4 b5 11. Ne5 Bb7 12. h4 a5 13. a3 axb4 14. axb4 Rxa1 15.
Qxa1 Qa8 16. Qc1 Qa6 17. Nxd7 Nxd7 18. e4 Ra8 19. Ke2 Qa3 20. Qxa3 Rxa3 21. Bd2
dxe4 22. Bxe4 Nf6 23. g3 Nd5 24. Nxd5 exd5 25. Bf5 Kf8 26. Rb1 g6 27. Bh3 Ke8
28. Rc1 Kd8 29. Rc3 Ra2 30. Rf3 f5 31. Kd3 Bf6 32. Bc3 Bc8 33. h5 Be6 34. hxg6
hxg6 35. Re3 Ke7 36. f4 Rh2 37. Bf1 Rf2 38. Be2 g5 39. Rf3 1/2-1/2

[Event "VII Festival B"]
[Site "Trieste ITA"]
[Date "2005.09.07"]
[Round "6"]
[White "Tomio, Dante"]
[Black "Sabadin, Giorgio"]
[Result "1-0"]
[WhiteElo "1816"]
[BlackElo "1700"]
[PlyCount "115"]
[EventDate "2005.09.03"]

1. d4 Nf6 2. Nf3 g6 3. c4 Bg7 4. Nc3 c6 5. e4 d6 6. Be2 Na6 7. O-O O-O 8. Bg5
Nc7 9. Qd2 Bg4 10. h3 Bxf3 11. Bxf3 Ne6 12. Be3 Rb8 13. d5 cxd5 14. cxd5 Nc5
15. b4 Na6 16. Rab1 b6 17. Rfc1 Rc8 18. Nb5 Rxc1+ 19. Rxc1 Qb8 20. Nd4 Re8 21.
Nc6 Qb7 22. Bg5 Nb8 23. Qf4 Nxc6 24. dxc6 Qc7 25. b5 Rc8 26. Rd1 Ne8 27. Be2
Be5 28. Qe3 Bg7 29. Bc4 Bf6 30. Bh6 Ng7 31. Qb3 e6 32. Bxg7 Kxg7 33. Qg3 Bb2
34. Qxd6 Qxd6 35. Rxd6 Be5 36. Rd7 Rc7 37. Bxe6 Rxd7 38. Bxd7 g5 39. Kf1 Kf6
40. Ke2 h5 41. Kd3 Ke7 42. Kc4 Kd6 43. Be8 Ke7 44. Kd5 Bc7 45. Bd7 h4 46. Kd4
f6 47. Ke3 Bf4+ 48. Kf3 Bc7 49. g3 hxg3 50. fxg3 Kf7 51. h4 gxh4 52. gxh4 Kg6
53. Kg4 Be5 54. Be8+ Kg7 55. h5 Kf8 56. Bd7 Kg7 57. Kf5 Kf7 58. h6 1-0

[Event "VII Festival B"]
[Site "Trieste ITA"]
[Date "2005.09.07"]
[Round "6"]
[White "Urbisaglia, Elvio"]
[Black "Chiandussi, Livio"]
[Result "1-0"]
[WhiteElo "1451"]
[BlackElo "1497"]
[PlyCount "155"]
[EventDate "2005.09.03"]

1. e4 e6 2. Nf3 d5 3. Bd3 Nf6 4. e5 Nfd7 5. Bb5 a6 6. Ba4 b5 7. Bb3 c5 8. a3
Nc6 9. Qe2 Qc7 10. d3 Ncxe5 11. O-O Bd6 12. g3 c4 13. Ba2 Nxf3+ 14. Qxf3 Ne5
15. Qd1 cxd3 16. cxd3 O-O 17. d4 Ng6 18. Nd2 a5 19. Bb1 Ba6 20. Re1 b4 21. Nf3
Qb6 22. Bc2 Rac8 23. Be3 Rc7 24. axb4 Bxb4 25. Bd2 Bxd2 26. Qxd2 Qxb2 27. Bxg6
Qxd2 28. Bxh7+ Kxh7 29. Nxd2 Rc2 30. Nb3 Bd3 31. Rxa5 Rb8 32. Nc5 Bc4 33. Ra3
Rd2 34. Nd7 Rbb2 35. Rf3 Kg8 36. Ne5 Ba6 37. Rxf7 Rxd4 38. Rf3 Rb6 39. h4 Ra4
40. Rfe3 Bc8 41. Rc1 Bb7 42. Rf3 d4 43. Rf7 Bd5 44. Rf4 Rab4 45. Kh2 Rb1 46.
Rxb1 Rxb1 47. Kh3 Rb3 48. h5 Rb4 49. Kh4 Bb3 50. Nc6 Ra4 51. Rxd4 Ra2 52. Rf4
Ra1 53. Nd4 Bd5 54. Ne2 Ra8 55. Nc3 Bb3 56. Rb4 Bd5 57. Nxd5 exd5 58. Rd4 Rd8
59. f4 Kf7 60. Kg5 Ke6 61. Kg6 Rd7 62. g4 Kd6 63. g5 Kc5 64. Rd1 d4 65. f5 Kd5
66. f6 gxf6 67. Kxf6 Rd6+ 68. Kg7 Rd7+ 69. Kf6 Rd6+ 70. Kf5 Kc4 71. Kg4 Kc3 72.
g6 Kc2 73. Rf1 d3 74. g7 Rd4+ 75. Kg3 d2 76. g8=Q d1=Q 77. Rxd1 Rxd1 78. Qc4+
1-0

[Event "VII Festival B"]
[Site "Trieste ITA"]
[Date "2005.09.08"]
[Round "7"]
[White "Belardinelli, Lisa"]
[Black "Oblak, Marco"]
[Result "0-1"]
[WhiteElo "1521"]
[BlackElo "1482"]
[PlyCount "58"]
[EventDate "2005.09.03"]

1. e4 e5 2. Nf3 Nc6 3. Bb5 Bc5 4. c3 f6 5. d3 d6 6. O-O Bd7 7. Nbd2 Qe7 8. Re1
O-O-O 9. Nf1 g5 10. Ng3 Qg7 11. Bd2 Nge7 12. Be3 Bxe3 13. Rxe3 a6 14. Ba4 h5
15. h3 g4 16. Nh2 gxh3 17. gxh3 h4 18. Kf1 hxg3 19. Rxg3 Bxh3+ 20. Kg1 Qh7 21.
Qf3 Rdg8 22. Bb3 Rxg3+ 23. Qxg3 Bd7 24. Qf3 Qxh2+ 25. Kf1 Bh3+ 26. Ke2 Qf4 27.
Qxf4 exf4 28. Rh1 Kd8 29. Be6 Bg4+ 0-1

[Event "VII Festival B"]
[Site "Trieste ITA"]
[Date "2005.09.08"]
[Round "7"]
[White "Muradore, Aldo"]
[Black "Boerci, Roberto"]
[Result "1/2-1/2"]
[WhiteElo "1523"]
[BlackElo "1392"]
[PlyCount "77"]
[EventDate "2005.09.03"]

1. d4 d6 2. e3 Nf6 3. c4 g6 4. Nf3 Bg7 5. Be2 O-O 6. O-O Nbd7 7. Nc3 e5 8. dxe5
dxe5 9. e4 c6 10. Bd2 Re8 11. Rc1 Nc5 12. Qc2 Bg4 13. Rfd1 Qc7 14. h3 Bxf3 15.
Bxf3 Ne6 16. Be3 c5 17. Nb5 Qc6 18. Rd6 Qc8 19. Rcd1 Nd4 20. Bxd4 cxd4 21. Rxf6
Bxf6 22. Nd6 Qc5 23. Nxe8 Rxe8 24. Be2 b5 25. b4 Qxb4 26. cxb5 Qc3 27. Qa4 Qb2
28. Qc4 Qc3 29. Rc1 Qxc4 30. Rxc4 Re6 31. Rc7 Bd8 32. Rxa7 Bb6 33. Rb7 Rd6 34.
Bc4 Kf8 35. Rxf7+ Ke8 36. Rf3 Bc5 37. Kf1 Rd8 38. Ke2 Ra8 39. Rb3 1/2-1/2

[Event "VII Festival B"]
[Site "Trieste ITA"]
[Date "2005.09.08"]
[Round "7"]
[White "Orsatti, Marcello"]
[Black "Miele, Roberto"]
[Result "1-0"]
[WhiteElo "1818"]
[BlackElo "1860"]
[PlyCount "87"]
[EventDate "2005.09.03"]

1. c4 Nf6 2. Nc3 d6 3. g3 g6 4. Bg2 Bg7 5. d3 c5 6. Bg5 Nc6 7. Qd2 h6 8. Be3
Ne5 9. h3 Rb8 10. f4 Nc6 11. Bf2 a6 12. e4 Qc7 13. Nge2 b6 14. O-O e6 15. Rab1
O-O 16. a3 Bd7 17. Rfd1 Rbc8 18. d4 cxd4 19. Nxd4 Nxd4 20. Qxd4 Ne8 21. e5 Qxc4
22. Qxb6 d5 23. Bf1 Qc6 24. Qxa6 Ra8 25. Qxc6 Bxc6 26. Bc5 Nc7 27. Bxf8 Bxf8
28. Ne2 Bb5 29. Kh2 Bc5 30. Rbc1 Bb6 31. Nc3 Be8 32. Ne2 Bb5 33. Kg2 Ra4 34.
Nc3 Bxf1+ 35. Kxf1 Ra8 36. Ne2 Nb5 37. Rc6 Be3 38. Rd3 d4 39. Rb6 Nc7 40. Nxd4
Nd5 41. Rd6 Bc1 42. Rb3 Rc8 43. Rc6 Rd8 44. Rxc1 1-0

[Event "VII Festival B"]
[Site "Trieste ITA"]
[Date "2005.09.08"]
[Round "7"]
[White "Partipilo, Vito"]
[Black "Monticolo, Lorenzo"]
[Result "1-0"]
[WhiteElo "1592"]
[BlackElo "1455"]
[PlyCount "95"]
[EventDate "2005.09.03"]

1. d4 d5 2. c4 Nf6 3. cxd5 Nxd5 4. e4 Nf6 5. e5 Nd5 6. Bc4 Nc6 7. Ne2 Be6 8.
Qc2 Ndb4 9. Qc3 Nxd4 10. Nxd4 Qxd4 11. Na3 Bxc4 12. Qxd4 b5 13. b3 Rd8 14. Qxa7
Nd3+ 15. Kf1 Nxc1+ 16. Ke1 e6 17. Nc2 Nd3+ 18. Kf1 Nc1+ 19. Ke1 Nd3+ 20. Kd2
Nxe5+ 21. Kc3 b4+ 22. Nxb4 Bxb4+ 23. Kb2 Bd3 24. Qa4+ Rd7 25. Qxb4 Rd6 26. Qb8+
Rd8 27. Qxc7 Nd7 28. Rad1 Bf5 29. Rd6 e5 30. Rhd1 h5 31. b4 h4 32. b5 h3 33. g3
Rb8 34. a4 O-O 35. Rxd7 Bxd7 36. Rxd7 Rbc8 37. Qxe5 Rc4 38. Kb3 Rfc8 39. Qe3
Rc1 40. Rd3 Rb1+ 41. Ka2 Rb4 42. Ka3 Rcc4 43. Qe8+ Kh7 44. Qa8 Rb1 45. Rb3 Kh6
46. Rxb1 g5 47. Kb3 Rd4 48. Qh8+ 1-0

[Event "VII Festival B"]
[Site "Trieste ITA"]
[Date "2005.09.08"]
[Round "7"]
[White "Petrachi, Gianni"]
[Black "Urbisaglia, Elvio"]
[Result "1-0"]
[WhiteElo "1640"]
[BlackElo "1451"]
[PlyCount "113"]
[EventDate "2005.09.03"]

1. e4 e5 2. Nf3 d6 3. c3 Bd7 4. d4 exd4 5. cxd4 Be7 6. Bd3 h6 7. O-O Bg4 8. h3
Bd7 9. Re1 Bg5 10. Nc3 Bxc1 11. Rxc1 Ne7 12. Nb5 Bxb5 13. Bxb5+ c6 14. Ba4 O-O
15. Qd3 Ng6 16. Bb3 Kh8 17. e5 d5 18. Bc2 Na6 19. a3 c5 20. e6 c4 21. Qf5 Qf6
22. exf7 Qxf5 23. Bxf5 Nf4 24. Ne5 g6 25. Nxg6+ Nxg6 26. Bxg6 b5 27. Re8 Nc7
28. Rxf8+ Rxf8 29. Re1 Na6 30. Re7 Nb8 31. Rc7 Rd8 32. f4 Kg7 33. Re7 Rf8 34.
f5 Nc6 35. Re8 Nxd4 36. f6+ Kxg6 37. Rxf8 Ne6 38. Ra8 Kxf7 39. Rxa7+ Kxf6 40.
Rb7 Nd4 41. Rb6+ Ke5 42. Kf2 Ke4 43. Rxh6 Kd3 44. Rd6 Ke4 45. g4 Ke5 46. Rd7
Ne6 47. Rb7 Nf4 48. Kg3 c3 49. Re7+ Ne6 50. bxc3 Kd6 51. Rxe6+ Kxe6 52. Kf4 Kd6
53. Ke3 Kc5 54. Kd3 Kd6 55. g5 Ke5 56. h4 Kf5 57. Kd4 1-0

[Event "VII Festival B"]
[Site "Trieste ITA"]
[Date "2005.09.08"]
[Round "7"]
[White "Stampalia, Piergiorgio"]
[Black "Deancovich, Patrizio"]
[Result "1-0"]
[WhiteElo "1574"]
[BlackElo "1452"]
[PlyCount "121"]
[EventDate "2005.09.03"]

1. e4 e5 2. Nf3 Nc6 3. Bc4 Nf6 4. Ng5 d5 5. exd5 Nxd5 6. d4 Be6 7. Nxe6 fxe6 8.
dxe5 Qd7 9. O-O O-O-O 10. Re1 Bc5 11. Nd2 Rhf8 12. Nf3 h6 13. Bxd5 exd5 14. c3
Qe6 15. Nd4 Nxd4 16. cxd4 Be7 17. Be3 Qf5 18. Rc1 Rd7 19. Qa4 a6 20. b4 Qd3 21.
Red1 Qb5 22. Qxb5 axb5 23. a3 c6 24. f4 h5 25. Rf1 Rf5 26. Rf3 Rd8 27. Rcf1
Rdf8 28. h3 h4 29. Kh2 Kd7 30. g3 g5 31. g4 R5f7 32. f5 Kc8 33. f6 Bd8 34. Bxg5
Rh7 35. e6 Rfh8 36. Kg2 Rg8 37. e7 Rf7 38. exd8=Q+ Rxd8 39. Bxh4 Re8 40. Bg3
Re4 41. Be5 Kd7 42. Rf5 Ke6 43. Rg5 Re3 44. Rf3 Re2+ 45. Kg3 b6 46. Rg7 c5 47.
Rxf7 Kxf7 48. bxc5 bxc5 49. Rc3 c4 50. Kh4 Rd2 51. Kh5 Rd3 52. Rxd3 cxd3 53.
Bf4 Kxf6 54. h4 Kf7 55. Kg5 Kg8 56. Bd2 Kh7 57. h5 Kg7 58. h6+ Kh7 59. Kh5 Kg8
60. Kg6 Kh8 61. g5 1-0

[Event "VII Festival B"]
[Site "Trieste ITA"]
[Date "2005.09.08"]
[Round "7"]
[White "Tomio, Dante"]
[Black "Harcet, Franjo"]
[Result "1-0"]
[WhiteElo "1816"]
[BlackElo "1919"]
[PlyCount "39"]
[EventDate "2005.09.03"]

1. d4 d5 2. Nf3 h6 3. Bf4 Nf6 4. e3 Bg4 5. Nbd2 Nbd7 6. Bd3 c5 7. c3 Nh5 8. Bg3
Nxg3 9. hxg3 e5 10. dxe5 Nxe5 11. Bb5+ Nd7 12. Rh4 h5 13. Rxg4 hxg4 14. Ne5
Rh1+ 15. Nf1 Qc7 16. Bxd7+ Kd8 17. Qxd5 Qb6 18. Bf5+ Bd6 19. O-O-O Kc7 20.
Qxf7+ 1-0

[Event "VII Festival B"]
[Site "Trieste ITA"]
[Date "2005.09.09"]
[Round "8"]
[White "Chiandussi, Livio"]
[Black "Belardinelli, Lisa"]
[Result "1-0"]
[WhiteElo "1497"]
[BlackElo "1521"]
[PlyCount "55"]
[EventDate "2005.09.03"]

1. d4 e6 2. c4 d5 3. Nc3 Bb4 4. a3 Bxc3+ 5. bxc3 Nf6 6. cxd5 Nxd5 7. Qc2 Nc6 8.
Nf3 O-O 9. Bg5 f6 10. Bd2 b6 11. e3 g6 12. Bd3 Nde7 13. O-O Bb7 14. c4 Nb8 15.
Be4 Bxe4 16. Qxe4 Nd7 17. Qxe6+ Kh8 18. Bb4 c5 19. dxc5 Nxc5 20. Bxc5 bxc5 21.
Rfd1 Qe8 22. Rd7 Rf7 23. Rb1 Kg7 24. Rbb7 Kf8 25. Nd2 Rc8 26. Ne4 Rc6 27. Nd6
Rxd6 28. Qxd6 1-0

[Event "VII Festival B"]
[Site "Trieste ITA"]
[Date "2005.09.09"]
[Round "8"]
[White "Dragovic, Radimiro"]
[Black "Stampalia, Piergiorgio"]
[Result "1/2-1/2"]
[WhiteElo "1599"]
[BlackElo "1574"]
[PlyCount "35"]
[EventDate "2005.09.03"]

1. e4 e6 2. d4 d5 3. Nc3 Nf6 4. Bg5 Be7 5. e5 Nfd7 6. h4 a6 7. Nf3 c5 8. dxc5
Nxc5 9. Qd2 Nc6 10. O-O-O h6 11. Bxe7 Qxe7 12. Be2 b5 13. Rdg1 Qc7 14. Re1 Bd7
15. g4 Qa5 16. Kb1 b4 17. Nd1 Nd4 18. Qf4 1/2-1/2

[Event "VII Festival B"]
[Site "Trieste ITA"]
[Date "2005.09.09"]
[Round "8"]
[White "Iancovic, Bruno"]
[Black "Sabadin, Giorgio"]
[Result "1/2-1/2"]
[WhiteElo "1503"]
[BlackElo "1700"]
[PlyCount "37"]
[EventDate "2005.09.03"]

1. d4 d5 2. c4 e6 3. Nf3 Nf6 4. Bg5 Be7 5. e3 O-O 6. Nc3 c5 7. h3 Nfd7 8. Bxe7
Qxe7 9. Be2 Nc6 10. O-O dxc4 11. Bxc4 Nb6 12. Be2 Rd8 13. Bb5 cxd4 14. exd4 Nb4
15. a3 N4d5 16. Rc1 Nxc3 17. Rxc3 Bd7 18. Qe2 Qd6 19. Rd1 {...} 1/2-1/2

[Event "VII Festival B"]
[Site "Trieste ITA"]
[Date "2005.09.09"]
[Round "8"]
[White "Masella, Vincenzo"]
[Black "Miele, Roberto"]
[Result "0-1"]
[WhiteElo "1697"]
[BlackElo "1860"]
[PlyCount "100"]
[EventDate "2005.09.03"]

1. c4 g6 2. g3 Bg7 3. Bg2 e5 4. d3 Nc6 5. Nc3 d6 6. a3 Nge7 7. Nf3 O-O 8. Rb1
Nf5 9. O-O h6 10. Bd2 Ncd4 11. e3 Nxf3+ 12. Bxf3 c6 13. Bg2 Be6 14. Qc1 Kh7 15.
b3 d5 16. Rd1 Ne7 17. e4 f5 18. f3 fxe4 19. fxe4 Qb6+ 20. Kh1 d4 21. Na4 Qc7
22. Rf1 Bg4 23. Qe1 b6 24. h3 Rxf1+ 25. Bxf1 Bf3+ 26. Bg2 Rf8 27. Nb2 Qd6 28.
Bxf3 Rxf3 29. Kg2 Rf7 30. b4 Ng8 31. Qe2 Nf6 32. Rf1 a5 33. Be1 axb4 34. axb4
h5 35. Qc2 Qf8 36. Na4 Qd8 37. c5 b5 38. Nb6 Qf8 39. Qa2 Bh6 40. Qe6 Bg7 41.
Qxc6 Ng4 42. Rxf7 Ne3+ 43. Kh2 Qxf7 44. Nd5 Qf1 45. Nxe3 dxe3 46. Bc3 Qe2+ 47.
Kh1 Qd1+ 48. Kg2 Qc2+ 49. Kh1 Qxc3 50. Qxb5 e2 0-1

[Event "VII Festival B"]
[Site "Trieste ITA"]
[Date "2005.09.09"]
[Round "8"]
[White "Mirkovic, Nikola"]
[Black "Piunti, Mauro"]
[Result "1-0"]
[WhiteElo "1702"]
[BlackElo "1712"]
[PlyCount "71"]
[EventDate "2005.09.03"]

1. d4 Nf6 2. Nf3 d6 3. Bg5 g6 4. Nbd2 Bg7 5. e4 O-O 6. c3 h6 7. Be3 Ng4 8. Qe2
Nxe3 9. Qxe3 Nd7 10. Bc4 c5 11. O-O a6 12. a4 Rb8 13. Qe2 cxd4 14. Nxd4 Ne5 15.
Bb3 Bd7 16. Kh1 Nc6 17. N2f3 Qb6 18. Qd3 Ne5 19. Qc2 Rbc8 20. Nxe5 Bxe5 21. Ne2
Bc6 22. f4 Bg7 23. Ng3 Kh8 24. Rfe1 e6 25. Rad1 Rcd8 26. f5 Bd7 27. Rf1 exf5
28. exf5 f6 29. fxg6 f5 30. Bf7 f4 31. Nh5 Bg4 32. Rd5 Qc6 33. Nxf4 Be5 34. Qd2
Kg7 35. h3 Bc8 36. Nh5+ 1-0